Complex variables and the Laplace transform for engineers (Record no. 13856)

000 -LEADER
fixed length control field 00606nam a22002051 4500
001 - CONTROL NUMBER
control field 13856
003 - CONTROL NUMBER IDENTIFIER
control field BD-DhUET
008 - FIXED-LENGTH DATA ELEMENTS--GENERAL INFORMATION
fixed length control field 840622s1961 nyua b 000 0 eng
040 ## - CATALOGING SOURCE
Original cataloging agency DLC
Transcribing agency DLC
Modifying agency BD-DhUET
082 00 - DEWEY DECIMAL CLASSIFICATION NUMBER
Classification number 517.862
Item number LEP/1961
100 ## - MAIN ENTRY--PERSONAL NAME
Personal name LePage, Wilbur R.
245 10 - TITLE STATEMENT
Title Complex variables and the Laplace transform for engineers
250 ## - EDITION STATEMENT
Edition statement 1st ed.
260 ## - PUBLICATION, DISTRIBUTION, ETC. (IMPRINT)
Place of publication, distribution, etc. Bombay
Name of publisher, distributor, etc. McGraw-Hill
Date of publication, distribution, etc. 1961
300 ## - PHYSICAL DESCRIPTION
Extent xvi, 475 p.
Other physical details ill.
Dimensions 24 cm.
490 ## - SERIES STATEMENT
Series statement International series in pure and applied mathematics
504 ## - BIBLIOGRAPHY, ETC. NOTE
Bibliography, etc Includes bibliographies
650 #0 - SUBJECT ADDED ENTRY--TOPICAL TERM
Topical term or geographic name as entry element Calculus - Complex variables
942 ## - ADDED ENTRY ELEMENTS (KOHA)
Koha item type General Book
Holdings
Koha item type Piece designation (barcode) Source of classification or shelving scheme Koha full call number Koha normalized classification for sorting Date acquired Koha date last seen Copy number Price effective from Not for loan Lost status Location (home branch) Shelving location Withdrawn status Damaged status Sublocation or collection (holding branch)
General Book40116 517.862/LEP/1961517_862000000000000_LEP_19612015-03-052015-03-0512015-03-05  Central Library, BUETCirculation section  Central Library, BUET
General Book24385 517.862/LEP/1961517_862000000000000_LEP_19612015-03-052015-03-0522015-03-05  Central Library, BUETCirculation section  Central Library, BUET
General Book6374 517.862/LEP/1961517_862000000000000_LEP_19612015-03-072015-03-0732015-03-07  Central Library, BUETCirculation section  Central Library, BUET
General Book51027 517.862/LEP/1961517_862000000000000_LEP_19612015-03-072015-03-0742015-03-07  Central Library, BUETCirculation section  Central Library, BUET
General Book20963 517.862/LEP/1961517_862000000000000_LEP_19612015-03-072015-03-0752015-03-07  Central Library, BUETCirculation section  Central Library, BUET
General Book42659 517.862/LEP/1961517_862000000000000_LEP_19612015-03-072015-03-0762015-03-07  Central Library, BUETCirculation section  Central Library, BUET
General Book40115 517.862/LEP/1961517_862000000000000_LEP_19612015-03-072015-03-0772015-03-07  Central Library, BUETCirculation section  Central Library, BUET
General Book39671 517.862/LEP/1961517_862000000000000_LEP_19612015-03-072015-03-0782015-03-07  Central Library, BUETCirculation section  Central Library, BUET
General Book39670 517.862/LEP/1961517_862000000000000_LEP_19612015-03-072015-03-0792015-03-07  Central Library, BUETCirculation section  Central Library, BUET
General Book42660 517.862/LEP/1961517_862000000000000_LEP_19612015-03-072015-03-07102015-03-07  Central Library, BUETCirculation section  Central Library, BUET
General Book42661 517.862/LEP/1961517_862000000000000_LEP_19612015-03-092015-03-09112015-03-09  Central Library, BUETCirculation section  Central Library, BUET
General Book51026 517.862/LEP/1961517_862000000000000_LEP_19612015-03-092015-03-09122015-03-09  Central Library, BUETCirculation section  Central Library, BUET
General Book2039 517.862/LEP/1961517_862000000000000_LEP_19612015-05-032015-05-03132015-05-03  Central Library, BUETCirculation section  Central Library, BUET
General Book6375 517.862/LEP/1961517_862000000000000_LEP_19612015-05-032015-05-03142015-05-03  Central Library, BUETCirculation section  Central Library, BUET
General Book2041 517.862/LEP/1961517_862000000000000_LEP_19612015-05-032015-05-03152015-05-03  Central Library, BUETCirculation section  Central Library, BUET
General Book2040 517.862/LEP/1961517_862000000000000_LEP_19612015-05-032015-05-03162015-05-03  Central Library, BUETCirculation section  Central Library, BUET